000 00563nam a2200217Ia 4500
003 OSt
005 20220928141719.0
006 a|||||r|||| 00| 0
007 ta
008 220927b |||||||| |||| 00| 0 eng d
024 _a17025
037 _cAnnuals, Advances
040 _aSDCL
_cSDCL
_beng
041 _2eng
_aeng
082 _aP15:g, P3
100 _aSharma Shalendra Kumar Ed.
_9501740
245 0 _aDevnagri vimarsh.
260 _c2003
942 _hP15:g, P3
_cREF
_2CC
999 _c819351
_d819351